MCAT organic chemistry review note (Record no. 32404)

MARC details
000 -LEADER
fixed length control field 00600nam a2200169Ia 4500
020 ## - INTERNATIONAL STANDARD BOOK NUMBER
ISBN 9781607144403
050 ## - CALL MARK
Classification number R 838.5 .M337/
245 #0 - TITLE STATEMENT
Title MCAT organic chemistry review note
260 ## - PUBLICATION, DISTRIBUTION, ETC. (IMPRINT)
Place of publication New York
260 ## - PUBLICATION, DISTRIBUTION, ETC. (IMPRINT)
Name of publisher Planet Friendly Publishing
260 ## - PUBLICATION, DISTRIBUTION, ETC. (IMPRINT)
Year of publication 2009
300 ## - PHYSICAL DESCRIPTION
Number of Pages 355 p
650 ## - SUBJECT ADDED ENTRY--TOPICAL TERM
Topical Term Medical College Admission Test--Study guides. Medical colleges--United States--Entrance examinations--Study guides. Medicine--Examinations, questions, etc. Chemistry, Organic--Examinations--Study guides.
942 ## - ADDED ENTRY ELEMENTS (KOHA)
Koha item type Books
Holdings
Withdrawn status Lost status Source of classification or shelving scheme Damaged status Not for loan Permanent Location Current Location Date acquired Accession Number Price effective from Koha item type
    Library of Congress Classification     NILE UNIVERSITY OF NIGERIA - MAIN LIBRARY NILE UNIVERSITY OF NIGERIA - MAIN LIBRARY 04/23/2025 0002950 04/23/2025 Books